[Event "NED-chT sf2"]
[Site "Breda"]
[Date "1997.??.??"]
[Round "1"]
[White "Van Wely, Loek"]
[Black "Vanheste, Jeroen"]
[Result "1-0"]
[WhiteElo "2645"]
[BlackElo "2410"]
[PlyCount "83"]
[EventDate "1997.05.30"]
[EventType "team"]
[EventRounds "1"]
[EventCountry "NED"]
[SourceTitle "CBM 058 Extra"]
[Source "ChessBase"]
[SourceDate "1997.07.29"]
[SourceVersion "1"]
[SourceVersionDate "1997.07.29"]
[SourceQuality "1"]
[WhiteTeam "Panfox"]
[BlackTeam "SMB"]
[WhiteTeamCountry "NED"]
[BlackTeamCountry "NED"]

1. d4 d6 2. Nf3 g6 3. c4 Bg7 4. Nc3 Nc6 5. g3 e5 6. d5 Nce7 7. e4 Nf6 8. h4 0-0 9. Be2 h6 10. Nd2 h5 11. b4 Ng4 12. Nf3 c6 13. Ng5 f5 14. f3 Nf6 15. Be3 cxd5 16. cxd5 fxe4 17. fxe4 Ng4 18. Bg1 Bh6 19. Qd3 Bxg5 20. hxg5 Bd7 21. a4 Nc8 22. Qd2 a5 23. b5 Rf7 24. Nd1 Nb6 25. Nb2 Bc8 26. Ra3 Kg7 27. Rc3 Bd7 28. Qc1 Rc8 29. Rxc8 Bxc8 30. Qc3 Nd7 31. Nc4 Nf8 32. Qa3 Rd7 33. Bxg4 hxg4 34. Bb6 Qe7 35. Bxa5 Nh7 36. Bb4 Nxg5 37. Bxd6 Nf3+ 38. Kd1 Qf6 39. Qc3 Rxd6 40. Nxd6 Qxd6 41. Qxc8 Ng5 42. Qxb7+ 1-0

[Event "NED-chT 9697"]
[Site "Netherlands"]
[Date "1996.??.??"]
[Round "5"]
[White "Bosch, Jeroen"]
[Black "Vanheste, Jeroen"]
[Result "1/2-1/2"]
[WhiteElo "2440"]
[BlackElo "2410"]
[PlyCount "86"]
[EventDate "1996.??.??"]
[EventType "team"]
[EventRounds "11"]
[EventCountry "NED"]
[SourceTitle "EXT 2001"]
[Source "ChessBase"]
[SourceDate "2000.11.22"]
[SourceVersion "1"]
[SourceVersionDate "2000.11.22"]
[SourceQuality "1"]

1. e4 d6 2. d4 Nf6 3. Nc3 g6 4. Nf3 Bg7 5. h3 0-0 6. Be3 Na6 7. Be2 c5 8. 0-0 cxd4 9. Nxd4 Nc5 10. Bf3 Bd7 11. Nb3 Na4 12. Nxa4 Bxa4 13. e5 dxe5 14. Bxb7 Rb8 15. Qxd8 Rfxd8 16. Na5 Nd5 17. Bc5 e4 18. Rad1 e6 19. b3 Bc3 20. Bxa7 Bb5 21. Bxb8 Rxb8 22. Bxd5 exd5 23. Rxd5 Bxf1 24. Kxf1 Ra8 25. b4 Bxb4 26. Nc6 Bf8 27. Ra5 Rc8 28. Ra6 f5 29. Ke2 Rc7 30. f3 exf3+ 31. Kxf3 Rb7 32. Ra8 Rb2 33. Nd4 Kf7 34. Ra7+ Kf6 35. a4 Bc5 36. Ra6+ Ke5 37. c3 Kd5 38. Ne2 g5 39. g4 fxg4+ 40. hxg4 h5 41. gxh5 g4+ 42. Kxg4 Rxe2 43. h6 Rh2 1/2-1/2

[Event "NED-chT 9697"]
[Site "Netherlands"]
[Date "1996.??.??"]
[Round "7"]
[White "Van der Linde, Meindert"]
[Black "Vanheste, Jeroen"]
[Result "0-1"]
[WhiteElo "2260"]
[BlackElo "2410"]
[PlyCount "50"]
[EventDate "1996.??.??"]
[EventType "team"]
[EventRounds "11"]
[EventCountry "NED"]
[SourceTitle "EXT 2001"]
[Source "ChessBase"]
[SourceDate "2000.11.22"]
[SourceVersion "1"]
[SourceVersionDate "2000.11.22"]
[SourceQuality "1"]

1. d4 d6 2. Nf3 g6 3. e4 Nf6 4. Nbd2 Bg7 5. Bc4 0-0 6. Qe2 Nc6 7. e5 dxe5 8. dxe5 Nd5 9. 0-0 Bf5 10. Bb3 a5 11. a4 Ndb4 12. Rd1 Nxc2 13. Ne4 Qxd1+ 14. Qxd1 Nxa1 15. Ng3 Rad8 16. Bd2 Nxb3 17. Qxb3 Bg4 18. Qxb7 Bxf3 19. gxf3 Rxd2 20. Qxc6 Bxe5 21. Qb5 Bd4 22. Ne4 Rxb2 23. Qxa5 c5 24. Qa6 Rfb8 25. a5 Kh8 0-1

[Event "NED-chT 9596"]
[Site "Netherlands"]
[Date "1995.??.??"]
[Round "?"]
[White "Vanheste, Jeroen"]
[Black "Bertholee, Rob"]
[Result "1-0"]
[WhiteElo "2410"]
[BlackElo "2345"]
[PlyCount "73"]
[EventDate "1995.??.??"]
[EventType "team"]
[EventRounds "9"]
[EventCountry "NED"]
[SourceTitle "EXT 1999"]
[Source "ChessBase"]
[SourceDate "1998.11.16"]
[SourceVersion "1"]
[SourceVersionDate "1998.11.16"]
[SourceQuality "1"]

1. d4 e6 2. c4 Bb4+ 3. Bd2 Qe7 4. Nf3 Nf6 5. Nc3 0-0 6. g3 d6 7. Bg2 e5 8. 0-0 c6 9. Rc1 Re8 10. Bg5 Bxc3 11. Rxc3 h6 12. Bxf6 Qxf6 13. dxe5 dxe5 14. Nd2 Bf5 15. Ne4 Bxe4 16. Bxe4 Na6 17. Bg2 Red8 18. Qc2 Nc5 19. Rf3 Qd6 20. Qf5 Rd7 21. b4 Ne6 22. c5 Qc7 23. Re3 a5 24. a3 axb4 25. axb4 Rd4 26. Rb1 Qd8 27. Be4 Ng5 28. Bc2 f6 29. h4 Nf7 30. b5 cxb5 31. Rxb5 Qd7 32. Qh7+ Kf8 33. Reb3 Ra1+ 34. Kh2 Rdd1 35. Be4 Ng5 36. hxg5 Rh1+ 37. Bxh1 1-0

[Event "NED-ch48 sf"]
[Site "Enschede"]
[Date "1992.11.07"]
[Round "5"]
[White "Visser, Yge"]
[Black "Vanheste, Jeroen"]
[Result "0-1"]
[WhiteElo "2325"]
[BlackElo "2395"]
[PlyCount "52"]
[EventDate "1992.10.30"]
[EventType "swiss"]
[EventRounds "9"]
[EventCountry "NED"]
[SourceTitle "EXT 1997"]
[Source "ChessBase"]
[SourceDate "1996.11.15"]
[SourceVersion "1"]
[SourceVersionDate "1996.11.15"]
[SourceQuality "1"]

1. e4 d6 2. d4 Nf6 3. Nc3 g6 4. Nf3 Bg7 5. Be3 0-0 6. h3 Na6 7. Qd2 c5 8. d5 Nc7 9. a4 a6 10. Bc4 Rb8 11. e5 Nd7 12. Bh6 b5 13. axb5 axb5 14. Be2 Nxe5 15. Nxe5 dxe5 16. Rd1 f5 17. g4 Qd6 18. Rg1 b4 19. Na4 f4 20. Bxg7 Kxg7 21. b3 e4 22. Bc4 Bd7 23. Nb2 Qe5 24. d6 e3 25. Qe2 f3 26. Qd3 exd6 0-1

[Event "NED-ch47 sf"]
[Site "Enschede"]
[Date "1991.11.01"]
[Round "1"]
[White "Vanheste, Jeroen"]
[Black "Dorenberg, Gaston"]
[Result "1/2-1/2"]
[WhiteElo "2385"]
[BlackElo "2265"]
[PlyCount "61"]
[EventDate "1991.11.01"]
[EventType "swiss"]
[EventRounds "9"]
[EventCountry "NED"]
[SourceTitle "EXT 1997"]
[Source "ChessBase"]
[SourceDate "1996.11.15"]
[SourceVersion "1"]
[SourceVersionDate "1996.11.15"]
[SourceQuality "1"]

1. d4 Nf6 2. c4 e6 3. g3 d5 4. Bg2 dxc4 5. Nf3 c5 6. 0-0 Nc6 7. Qa4 Bd7 8. Qxc4 cxd4 9. Nxd4 Rc8 10. Nc3 Be7 11. Rd1 Qa5 12. Nb3 Qh5 13. Qf4 0-0 14. g4 Nxg4 15. Rxd7 e5 16. Qf3 Qxh2+ 17. Kf1 Qh5 18. Ke1 Bh4 19. Be3 e4 20. Qh3 f5 21. Nd5 Nce5 22. Rxb7 Nxe3 23. Nxe3 Ng4 24. Nd1 f4 25. Bxe4 Qg5 26. Nd4 Nxf2 27. Nxf2 Qg1+ 28. Qf1 Bxf2+ 29. Kd2 Qxf1 30. Rxf1 Bxd4 31. Bd3 1/2-1/2

[Event "Ostend op"]
[Site "Ostend"]
[Date "1991.??.??"]
[Round "7"]
[White "Schmittdiel, Eckhard"]
[Black "Vanheste, Jeroen"]
[Result "1-0"]
[WhiteElo "2490"]
[BlackElo "2385"]
[PlyCount "85"]
[EventDate "1991.09.??"]
[EventType "swiss"]
[EventRounds "9"]
[EventCountry "BEL"]
[SourceTitle "CBM 026 Extra"]
[Source "ChessBase"]
[SourceDate "1992.03.01"]
[SourceVersion "1"]
[SourceVersionDate "1992.03.01"]
[SourceQuality "1"]

1. e4 e6 2. d4 d5 3. Nc3 Bb4 4. e5 c5 5. a3 Bxc3+ 6. bxc3 Ne7 7. a4 Nbc6 8. Nf3 Qa5 9. Qd2 Bd7 10. Ba3 cxd4 11. cxd4 Qxd2+ 12. Kxd2 Nf5 13. c3 Na5 14. Ra2 Rc8 15. Bb5 a6 16. Bxd7+ Kxd7 17. Kd3 Ne7 18. Rb1 f6 19. Rab2 Nec6 20. Rb6 fxe5 21. dxe5 g5 22. Bd6 g4 23. Rxb7+ Nxb7 24. Rxb7+ Ke8 25. Ng5 h5 26. Nh7 Rxh7 27. Rxh7 Na5 28. Bc7 Nc6 29. Bd6 Na5 30. Rxh5 Rc4 31. Rh8+ Kf7 32. Ra8 Nb3 33. Rxa6 Nc1+ 34. Kd2 Na2 35. Ra7+ Kg6 36. Rc7 Rxa4 37. Bc5 Rc4 38. Bb6 Rxc7 39. Bxc7 d4 40. Ba5 dxc3+ 41. Bxc3 Kf5 42. Ba5 Kxe5 43. Kc2 1-0

[Event "NED-ch46 sf"]
[Site "Enschede"]
[Date "1990.12.02"]
[Round "9"]
[White "Timmerman, Gert Jan"]
[Black "Vanheste, Jeroen"]
[Result "1-0"]
[WhiteElo "2300"]
[BlackElo "2370"]
[PlyCount "75"]
[EventDate "1990.11.02"]
[EventType "swiss"]
[EventRounds "9"]
[EventCountry "NED"]
[SourceTitle "EXT 2002"]
[Source "ChessBase"]
[SourceDate "2001.11.25"]
[SourceVersion "1"]
[SourceVersionDate "2001.11.25"]
[SourceQuality "1"]

1. e4 e6 2. d4 d5 3. Nc3 Bb4 4. e5 c5 5. a3 cxd4 6. axb4 dxc3 7. Nf3 Ne7 8. Bd3 Qc7 9. Ra3 cxb2 10. Bxb2 Nbc6 11. Qd2 a5 12. bxa5 Rxa5 13. 0-0 Bd7 14. Rfa1 b6 15. Rxa5 Nxa5 16. Ba3 Bc6 17. Qg5 Ng6 18. h4 Nc4 19. Bxc4 dxc4 20. h5 h6 21. Qg3 Ne7 22. Nd4 Qd7 23. Nxc6 Qxc6 24. Bxe7 Kxe7 25. Qa3+ Kd7 26. Qa7+ Qc7 27. Rd1+ Kc8 28. Qa8+ Qb8 29. Qa6+ Qb7 30. Qxc4+ Kb8 31. Qg4 Rg8 32. Rd6 g5 33. Qd4 Qc7 34. Rxb6+ Kc8 35. Rd6 Qxc2 36. g3 g4 37. Qb6 Qb1+ 38. Qxb1 1-0

[Event "NED-ch46 sf"]
[Site "Enschede"]
[Date "1990.12.01"]
[Round "8"]
[White "Van Mil, Johan"]
[Black "Vanheste, Jeroen"]
[Result "1-0"]
[WhiteElo "2445"]
[BlackElo "2370"]
[PlyCount "47"]
[EventDate "1990.11.02"]
[EventType "swiss"]
[EventRounds "9"]
[EventCountry "NED"]
[SourceTitle "EXT 2002"]
[Source "ChessBase"]
[SourceDate "2001.11.25"]
[SourceVersion "1"]
[SourceVersionDate "2001.11.25"]
[SourceQuality "1"]

1. d4 e6 2. Nf3 Nf6 3. e3 c5 4. Bd3 b6 5. 0-0 Bb7 6. Nbd2 Nc6 7. c3 Be7 8. e4 cxd4 9. cxd4 Nb4 10. Bb1 Ba6 11. Re1 Nd3 12. Bxd3 Bxd3 13. d5 Bc5 14. b4 Bxb4 15. Qb3 Bxd2 16. Nxd2 Ba6 17. Ba3 b5 18. dxe6 fxe6 19. e5 Nd5 20. Ne4 Kf7 21. Rad1 Qa5 22. Qf3+ Kg6 23. Nd6 Qc3 24. Qg4+ 1-0

[Event "Rotterdam k.o."]
[Site "Rotterdam"]
[Date "1990.??.??"]
[Round "1"]
[White "Van der Wiel, John"]
[Black "Vanheste, Jeroen"]
[Result "1-0"]
[WhiteElo "2550"]
[BlackElo "2380"]
[PlyCount "71"]
[EventDate "1990.??.??"]
[EventType "k.o."]
[EventRounds "5"]
[EventCountry "NED"]
[SourceTitle "EXT 1997"]
[Source "ChessBase"]
[SourceDate "1996.11.15"]
[SourceVersion "1"]
[SourceVersionDate "1996.11.15"]
[SourceQuality "1"]

1. e4 c5 2. Nf3 e6 3. d4 cxd4 4. Nxd4 Nf6 5. Nc3 d6 6. Be2 Be7 7. 0-0 0-0 8. f4 a6 9. Bf3 Qc7 10. Be3 Nbd7 11. Kh1 Rb8 12. a4 Re8 13. g4 Nf8 14. g5 N6d7 15. f5 Ne5 16. Bg2 b6 17. Qh5 Bb7 18. f6 Bd8 19. Rf2 Nc4 20. Re1 Nxb2 21. fxg7 Ng6 22. Nd5 exd5 23. Nf5 f6 24. Bd4 Re5 25. Bxb2 dxe4 26. Bxe5 dxe5 27. Ref1 e3 28. gxf6 Bxf6 29. Nh6+ Kxg7 30. Rxf6 Bxg2+ 31. Kxg2 Qxc2+ 32. Kg1 e2 33. Rf7+ Kh8 34. Rxh7+ Kxh7 35. Rf7+ Kh8 36. Nf5+ 1-0

[Event "Groningen op"]
[Site "Groningen"]
[Date "1990.??.??"]
[Round "3"]
[White "Vanheste, Jeroen"]
[Black "Malisauskas, Vidmantas"]
[Result "1/2-1/2"]
[WhiteElo "2370"]
[BlackElo "2495"]
[PlyCount "69"]
[EventDate "1990.??.??"]
[EventType "swiss"]
[EventRounds "9"]
[EventCountry "NED"]
[SourceTitle "CBM 022"]
[Source "ChessBase"]
[SourceDate "1991.06.01"]
[SourceVersion "1"]
[SourceVersionDate "1991.06.01"]
[SourceQuality "1"]

1. d4 Nf6 2. c4 g6 3. Nc3 d5 4. e3 Bg7 5. Qb3 c6 6. Nf3 0-0 7. Be2 dxc4 8. Bxc4 b5 9. Be2 Be6 10. Qc2 Na6 11. 0-0 Nb4 12. Qb1 Nbd5 13. e4 Nb6 14. a3 Rc8 15. h3 Qc7 16. Qc2 Rfd8 17. Rd1 h6 18. b3 a5 19. Be3 a4 20. bxa4 Nxa4 21. Nxa4 bxa4 22. Nd2 Bb3 23. Nxb3 axb3 24. Qxb3 Nxe4 25. Rac1 Nf6 26. Rc4 Nd5 27. Rdc1 Qa7 28. Bf3 e6 29. Rxc6 Rxc6 30. Rxc6 Bxd4 31. Bxd4 Qxd4 32. Rc1 Qa7 33. a4 Rb8 34. Qc4 Rb2 35. Qc5 1/2-1/2